Welcome to the Holygrace Academy Library

Please use search bar below to get started

CONCISE DICTIONARY OF ENGLISH USAGE (Record no. 1756)

MARC details
000 -LEADER
fixed length control field 00348nam a22001457a 4500
020 ## - INTERNATIONAL STANDARD BOOK NUMBER
ISBN 81-223-0663-2
082 ## - DEWEY DECIMAL CLASSIFICATION NUMBER
Classification number 030
Item number HEL/C
100 ## - MAIN ENTRY--AUTHOR NAME
Personal name HELICON PUBLISHING
245 ## - TITLE STATEMENT
Title CONCISE DICTIONARY OF ENGLISH USAGE
250 ## - EDITION STATEMENT
Edition statement SECOND EDITION
260 ## - PUBLICATION, DISTRIBUTION, ETC. (IMPRINT)
Place of publication BANGALAORE
Name of publisher PUSTAK MAHAL
Year of publication 2001
300 ## - PHYSICAL DESCRIPTION
Number of Pages 178
650 ## - SUBJECT ADDED ENTRY--TOPICAL TERM
Topical Term DICTIONARY
Geographic subdivision INDIA
942 ## - ADDED ENTRY ELEMENTS (KOHA)
Koha item type Books
Holdings
Withdrawn status Lost status Collection code Home library Current library Shelving location Date acquired Source of acquisition Cost, normal purchase price Full call number Accession Number Koha item type
    Reference Main Library Main Library SHELF 1-A DICTIONARIES 02/10/2006 purchase 50.00 030 HEL/C 00815 Visual Materials